Introducción: para otra lectura de la disputa por la construcción democrática en América Latina /

Sparad:
Bibliografiska uppgifter
Huvudupphovsman: Dagnino, Evelina
Övriga upphovsmän: Olvera, Alberto J. Panfichi, Aldo
Materialtyp: Text
Ämnen:
Taggar: Lägg till en tagg
Inga taggar, Lägg till första taggen!

MARC

LEADER 00000 a a2200000 04500
001 42356
003
040
100 |a Dagnino, Evelina  
245 |a Introducción: para otra lectura de la disputa por la construcción democrática en América Latina /  |c Evelina Dagnino; Alberto J. Olvera; Aldo Panfichi  
500 |a Colección Sociología  
650 |a DEMOCRACIA  
650 |a AMERICA LATINA  
650 |a SOCIEDAD CIVIL  
650 |a PARTICIPACION POLITICA  
650 |a CAPITAL SOCIAL  
650 |a ESTADO  
700 |a Olvera, Alberto J. Panfichi, Aldo  
773 |g 15-99  
999 |c 20686  |d 20686